आपका व्यक्तित्व आपकी सफलता / (Record no. 62276)
[ view plain ]
| 000 -LEADER | |
|---|---|
| fixed length control field | 01057nam a22002057a 4500 |
| 008 - FIXED-LENGTH DATA ELEMENTS--GENERAL INFORMATION | |
| fixed length control field | 090207t xxu||||| |||| 00| 0 hin d |
| 010 ## - LCCN (DPL NO) | |
| LC control number | B-145149 |
| 020 ## - INTERNATIONAL STANDARD BOOK NUMBER | |
| Terms of availability | 175.00 |
| International Standard Book Number | |
| 035 ## - SYSTEM CONTROL NUMBER | |
| System control number | B-145149 |
| 040 ## - CATALOGING SOURCE | |
| Original cataloging agency | dpl |
| Language of cataloging | HN |
| 082 ## - DEWEY DECIMAL CLASSIFICATION NUMBER | |
| Classification number | 158.1 |
| 100 ## - MAIN ENTRY--PERSONAL NAME | |
| Personal name | सिन्हा, अरबिन्द |
| 9 (RLIN) | 41207 |
| 245 ## - TITLE STATEMENT | |
| Title | आपका व्यक्तित्व आपकी सफलता / |
| Statement of responsibility, etc | अरबिन्द सिन्हा |
| 260 ## - PUBLICATION, DISTRIBUTION, ETC. (IMPRINT) | |
| Place of publication, distribution, etc | जयपुर |
| Name of publisher, distributor, etc | जयपर पब्लिशिंग हाउस |
| Date of publication, distribution, etc | 2006 |
| 270 ## - ADDRESS | |
| Address | चौड़ा रास्ता |
| City | जयपुर |
| Postal code | 302003 |
| 300 ## - PHYSICAL DESCRIPTION | |
| Extent | 156पृ. |
| Dimensions | 22सेमी.(सजिल्द) |
| 942 ## - ADDED ENTRY ELEMENTS (KOHA) | |
| Source of classification or shelving scheme | Dewey Decimal Classification |
| Item type | Hindi Books |
| Classification part | 158.1 |
| Call number suffix | सिन्हाअ |
| Withdrawn status | Lost status | Source of classification or shelving scheme | Damaged status | Not for loan | Collection code | Home library | Current library | Date acquired | Cost, normal purchase price | Total Checkouts | Full call number | Barcode | Date last seen | Cost, replacement price | Koha item type |
|---|---|---|---|---|---|---|---|---|---|---|---|---|---|---|---|
| Dewey Decimal Classification | Non-fiction | Sarojini Nagar | Sarojini Nagar | 08/02/2012 | 175.00 | 158.1 सिन्हाअ | B-145149 | 08/02/2012 | 175.00 | Hindi Books |
